| 000 | 00969nam a22003017a 4500 | ||
|---|---|---|---|
| 003 | CHAP | ||
| 005 | 20220329141610.0 | ||
| 008 | 971013s1985 r 00010 d | ||
| 010 | _a70790 | ||
| 011 | _a71762 | ||
| 035 | _a81316 | ||
| 040 | _cCHAP | ||
| 090 | _aFolleto 9138 | ||
| 110 |
_aCalifornia Forest Pest Control Action Council. Sacramento, Calif. _917499 |
||
| 245 | _aForest pest conditions in California 1984 | ||
| 260 |
_aSacramento, Calif. : _bCalifornia Departament of Forestry, _c1985? |
||
| 300 |
_a26 p. _b: ilus. |
||
| 590 |
_aBATCH-UPD _b10 _c20130110 _lUCH01 _h1552 |
||
| 590 |
_aBATCH-UPD _b10 _c20130410 _lUCH01 _h0950 |
||
| 590 |
_aBATCH-UPD _b10 _c20130914 _lUCH01 _h0719 |
||
| 590 |
_aCONVERSION _b10 _c20130109 _lUCH01 _h1339 |
||
| 650 | 1 | 4 |
_aÁrboles _xPlagas. _982440 |
| 650 | 1 | 4 |
_aBosques _xE.U.A. _914129 |
| 650 | 1 | 4 |
_aBosques _xProtección. _914369 |
| 901 | _aBK | ||
| 942 | _cFOLL | ||
| 949 |
_aFolleto 9138 _bBC _cFOLL _d-34591 _eTS1 _i81316 _si |
||
| 999 |
_c70790 _d70790 |
||